| 000 | 00886cab a2200349 4500 | ||
|---|---|---|---|
| 001 | ABS60628 | ||
| 008 | 090401t1999 xxu||||| |||| 00| 0 eng d | ||
| 035 | _a(Sirsi) u93763 | ||
| 041 | _aeng | ||
| 245 | _aRegional survey: Surrey | ||
| 260 | _c1999 | ||
| 350 | _a0 | ||
| 490 |
_aProperty Week _v28 May 1999, 45-86(12) |
||
| 650 | _aCAMBERLEY | ||
| 650 | _aCHERTSEY | ||
| 650 | _aEPSOM | ||
| 650 | _aGUILDFORD | ||
| 650 | _aINDUSTRIAL MARKET | ||
| 650 | _aLEATHERHEAD | ||
| 650 | _aPROPERTY-COMMERCIAL PROPERTY-OFFICE PROPERTY-OFFICE PROPERTY MARKET | ||
| 650 | _aPLANNING ISSUES | ||
| 650 | _aREDHILL | ||
| 650 | _aREIGATE | ||
| 650 | _aRESIDENTIAL MARKET | ||
| 650 | _aSTAINES | ||
| 650 | _aSURREY | ||
| 650 | _aWEYBRIDGE | ||
| 650 | _aWOKING | ||
| 690 | _aPROPERTY-COMMERCIAL PROPERTY-COMMERCIAL PROPERTY MARKET | ||
| 942 | _n0 | ||
| 948 | _c03/06/1999 | ||
| 999 |
_c59432 _d59432 |
||